000 00319nam a22001217a 4500
008 150528b xxu||||| |||| 00| 0 eng d
020 _a9780071633444
020 _a0077633448
041 0 _aeng
080 _a004
245 1 0 _aDynamic web programming :
_cMarty Matthews, John Cronan.
942 _2udc
_cBK
999 _c916
_d916